SAT Words HARD Click Quiz - S #7 - Daily Word Quiz! - Statistics

General Stats
  • This quiz has been taken 179 times
  • The average score is 10 of 16
Answer Stats
Hint Answer % Correct
State of drowsiness or sleepiness, especially during the day Somnolence
86%
Following in a sequence or position; subsequent Succedent
85%
Temporary measure to address an issue until a permanent solution is found Stopgap
78%
Possessing keen perception, wisdom, and sound judgment Sagacious
76%
An essential plot element for a genre of story Scène à faire
75%
Merging of sensory experiences, like hearing colours or tasing words Synesthesia
69%
Sliding doors made of paper and wood Shoji
64%
The state or condition of being elderly or near the end of the average lifespan Senescence
61%
Insincerely ingratiating in demeanour or speech; possessing false earnestness Smarmy
61%
Opening cut through the bulwarks of a ship to allow passage of water; or, to thwart a plan Scupper
55%
Having a calm, steady, unadventurous demeanor Staid
55%
Going beyond what is required or expected, especially in moral or religious matters Supererogatory
55%
Dark, gloomy, or hellish in nature; profoundly dark and forbidding Stygian
53%
Hinder a competing party through covert or unfair means Sandbag
46%
Civilian merchant who sells provisions to a military unit Sutler
45%
Energetically witty; intellectually refined Spirituel
23%
No matching quizzes found
Score Distribution
Percent of People with Each Score
Percentile by Number Answered
Your Score History
You have not taken this quiz